Classement perpétuel Ligue 1-Ligue 2-National : 2024 - Statistiques

Statistiques générales
  • Ce quiz a été pris 233 fois
    202 depuis la dernière actualisation
  • Le résultat moyen est 80 sur 185
Statistiques - réponses
Dernière année en Ligue 1 Nombre de saisons dans cette ligue Plus haute ligue atteinte Réponse % Correct
En cours 51 Ligue 1 PSG / Paris saint Germain / Paris
100%
2022 69 Ligue 1 ASSE / Saint Etienne
95%
En cours 65 Ligue 1 OL / Olympique Lyonnais / Lyon
95%
En cours 74 Ligue 1 OM / Olympique de Marseille / Marseille
95%
2022 69 Ligue 1 Girondins de Bordeaux / Bordeaux
93%
En cours 67 Ligue 1 Stade rennais FC / Rennes
93%
En cours 64 Ligue 1 Lille / LOSC
91%
En cours 65 Ligue 1 Monaco
91%
En cours 65 Ligue 1 Nice
91%
En cours 56 Ligue 1 Nantes
90%
En cours 18 Ligue 1 Brest / stade brestois
89%
En cours 62 Ligue 1 Lens
89%
En cours 34 Ligue 1 Toulouse FC / Toulouse
88%
1967 19 Ligue 1 Toulouse / Toulouse FC
88%
En cours 25 Ligue 1 Le Havre
87%
En cours 64 Ligue 1 Metz / FC Metz
87%
En cours 63 Ligue 1 Strasbourg
87%
2023 33 Ligue 1 AJ Auxerre / Auxerre
86%
En cours 3 Ligue 1 Clermont-Ferrand / Clermont
86%
En cours 42 Ligue 1 Montpellier
86%
1943 7 Ligue 1 Olympique Lillois / Lille
86%
2023 31 Ligue 1 Angers
85%
En cours 17 Ligue 1 Lorient
85%
En cours 39 Ligue 1 Reims / Stade de Reims
85%
1934 2 Ligue 1 CA Paris-Charenton / Paris
84%
2021 36 Ligue 1 Nimes
84%
2023 1 National Paris 13 Atletico / Paris
84%
1979 3 Ligue 1 Paris FC / Paris
84%
1935 3 Ligue 1 SC Nimes / Nimes
84%
2014 66 Ligue 1 Sochaux Montbéliard / Sochaux
83%
2020 3 Ligue 1 Amiens
82%
2004 11 Ligue 2 Valence
81%
2017 34 Ligue 1 Bastia
80%
2023 4 National Bastia-Borgo / Bastia
80%
2014 1 Ligue 2 Bastia CA / Bastia
80%
2023 14 Ligue 1 Ajaccio / AC Ajaccio
79%
2019 18 Ligue 1 Caen
79%
2021 6 Ligue 1 Dijon FCO / Dijon
79%
En cours 1 National Grand Ouest Association Lyonnaise FC / GOAL / Lyon
78%
En cours 33 Ligue 2 USL Dunkerque / Dunkerque
78%
1963 15 Ligue 1 FC Nancy / Nancy
77%
2016 1 Ligue 1 Gazélec FC Ajaccio / Ajaccio
77%
2010 4 Ligue 1 Grenoble
77%
2010 6 Ligue 1 Le Mans
77%
2017 30 Ligue 1 Nancy
77%
1985 19 Ligue 1 Rouen
76%
2019 13 Ligue 1 Guingamp / En avant Guingamp / EA Guingamp
75%
2021 5 National Lyon - La Duchère / Lyon
74%
1946 1 Ligue 1 Lyon OU / Lyon
74%
1975 16 Ligue 1 Red Star
74%
1978 8 Ligue 1 Troyes AF / Troyes
72%
2023 11 Ligue 1 Troyes / ESTAC de Troyes
72%
2014 33 Ligue 1 Valenciennes
71%
1989 13 Ligue 1 Laval / Stade Lavallois
69%
2020 19 Ligue 2 Orléans
69%
2015 4 Ligue 1 Evian Thonon / Evian
68%
En cours 4 Ligue 2 Pau
68%
1998 1 Ligue 1 LB Châteauroux / Châteauroux
66%
2007 23 Ligue 1 Sedan
66%
En cours 7 Ligue 2 Annecy
65%
1993 12 Ligue 1 Toulon / SC Toulon
65%
1985 4 Ligue 1 Tours
65%
1998 22 Ligue 1 Cannes / AS Cannes
64%
1988 1 Ligue 1 Chamois niortais / Niort
64%
2018 4 National Athlético Marseille / Marseille
63%
1950 1 Ligue 2 GSC Marseille / Marseille
62%
2018 3 Ligue 2 Bourg en Bresse
61%
1996 3 Ligue 1 Martigues
61%
2010 1 Ligue 1 US Boulogne / Boulogne
61%
2011 1 Ligue 1 AC Arlésien / Arles-Avignon / Arles
60%
En cours 9 Ligue 2 Rodez
59%
En cours 1 Ligue 2 Concarneau
57%
1982 1 Ligue 2 Calais
56%
1954 16 Ligue 1 Sète / SC Sète
56%
En cours 2 National Versailles
55%
2005 1 Ligue 1 Istres FC / Istres
54%
1990 6 Ligue 1 Mulhouse
52%
1993 9 Ligue 2 La Roche Vendée / La Roche
51%
2011 3 Ligue 2 Vannes
51%
1949 1 Ligue 1 Stadium Racing Colmar / Colmar
50%
1961 3 Ligue 1 Limoges
48%
2012 6 National Bayonne
47%
1955 10 Ligue 1 CO Roubaix-Tourcoing / Roubaix
46%
1942 3 Ligue 1 RC Roubaix / Roubaix
46%
1958 1 Ligue 1 AS Béziers / Béziers
45%
1996 5 Ligue 2 Poitiers
44%
1994 11 Ligue 2 Bourges
43%
1984 3 Ligue 2 Villefranche
43%
2004 42 Ligue 2 Racing Besancon / Besancon / Besançon
42%
1976 1 Ligue 1 AC Avignonnais / Avignon
41%
2003 16 Ligue 2 Beauvais
41%
1997 10 Ligue 2 Epinal
41%
1996 1 Ligue 1 FC Gueugnon / Gueugnon
41%
1974 2 Ligue 2 La Rochelle
41%
1997 3 Ligue 2 St Brieuc
41%
1990 16 Ligue 2 Quimper
40%
En cours 10 National US Avranches Mont-St-Michel / Avranches / Mont St Michel
40%
1982 9 Ligue 2 Blois
39%
2021 2 Ligue 2 Chambly
38%
1976 1 Ligue 2 Cholet
36%
2008 9 Ligue 2 Libourne
36%
1972 3 Ligue 1 Angoulême
35%
1959 6 Ligue 1 Olympique d'Alès / Alès
35%
1989 5 Ligue 2 Le Puy Foot / Le Puy
33%
2018 3 National Les Herbiers
33%
1967 7 Ligue 2 Cherbourg
31%
1933 1 Ligue 1 Hyères FC / Hyères
30%
1976 2 Ligue 2 Nevers
29%
2016 7 National Fréjus Saint-Raphaël / Fréjus
28%
1966 1 Ligue 2 Marignane
27%
2017 2 National Belfort
26%
1997 5 Ligue 2 Charleville-Mézières / Charleville
26%
2011 1 National Gap
26%
1968 1 Ligue 1 AS Aix en Provence / Aix en Provence
25%
1972 1 Ligue 2 Evreux
25%
1991 2 Ligue 2 St Quentin
24%
1987 8 Ligue 2 Thonon-Chablais / Thonon
21%
2014 5 National Luzenac
19%
1973 3 Ligue 2 Montélimar
19%
1967 15 Ligue 1 Stade français
19%
2000 17 Ligue 2 Louhans-Cuiseaux / Louhans
18%
1990 10 Ligue 2 Montluçon
18%
2003 6 Ligue 2 Wasquehal
18%
1990 10 Ligue 2 Abbeville
17%
2008 6 National Romorantin
17%
2010 2 National Moulins
16%
2007 1 National Moulins Yzeure / Moulins
16%
1940 7 Ligue 1 Antibes
15%
1947 1 Ligue 2 Antibes
15%
1949 3 Ligue 2 Douai
15%
1981 3 Ligue 2 Jura Dolois / Jura
15%
1991 16 Ligue 2 Chaumont
14%
1978 1 Ligue 2 Haguenau
14%
1990 30 Ligue 1 Racing club de France / France
14%
2014 2 National Carquefou
12%
2015 2 National Colomiers
12%
1972 2 Ligue 2 Creil
12%
1988 3 Ligue 2 Melun
12%
2007 4 National Raon-l'Etape / Raon
11%
1975 5 Ligue 2 Cambrai
10%
2016 15 Ligue 2 Créteil Lusitanos
10%
1982 7 Ligue 2 Saint Dié
10%
2003 1 National Trélissac Antonne Périgord / Trélissac
10%
2014 2 National Uzès-Pont-du-Gard / Uzès
10%
1988 1 Ligue 2 Chatellerault
9%
1966 9 Ligue 2 Forbach
9%
1943 7 Ligue 1 SC Fives / Fives
9%
1988 2 Ligue 2 St Dizier
9%
1993 2 Ligue 2 Ancenis
8%
1997 13 Ligue 2 Canet Rousillon / Canet
8%
2019 1 National Drancy
8%
2019 8 National Entente Sannois-Saint-Gratien / Sannois
8%
1978 10 Ligue 2 Fontainebleau
8%
2011 2 National Plabennec
8%
1990 7 Ligue 2 Montceau Bourgogne / Montceau
7%
1981 2 Ligue 2 Montmorillon
7%
1933 1 Ligue 1 Club Français / France
6%
1983 2 Ligue 2 Corbeil-Essonnes / Corbeil
6%
1975 4 Ligue 2 Hazebrouck
6%
1973 3 Ligue 2 La Ciotat
6%
1983 6 Ligue 2 Noeux les Mines
6%
2002 1 National St Maur
6%
1983 1 Ligue 2 Viry-Chatillon / Viry
6%
2009 2 National Cassis-Carnoux / Cassis
5%
1945 7 Ligue 1 Excelsior AC / Excelsior
5%
1972 4 Ligue 2 Joinville
5%
1989 1 Ligue 2 Le Touquet
5%
1980 4 Ligue 2 Lucé
5%
2011 3 National Pacy Ménilles / Pacy
5%
1978 1 Ligue 2 Poissy
5%
1974 1 Ligue 2 Vittel
5%
2011 1 National Alfortville
4%
2003 1 National Beaucaire
4%
2002 1 National Noisy le Sec
4%
2016 3 National Luçon
3%
2005 1 National Roye
3%
1983 1 Ligue 2 Blénod - Pont à Mousson / Pont à Mousson
2%
1976 1 Ligue 2 Malakoff
2%
1975 4 Ligue 2 Mantes La VIlle
2%
1972 1 Ligue 2 Mouzon
2%
1971 1 Ligue 2 Merlebach
1%
1981 2 Ligue 2 Thionville Lusitanos
1%
2015 4 National Vendée Poiré-sur-Vie / Poiré sur Vie
1%
2003 1 National Viry-Chatillon
1%
1970 1 Ligue 2 Neuilly sur Marne
0%
Aucun quiz correspondant
Distribution des résultats
% des personnes avec chaque résultat
Percentile par nombre de réponses
Votre historique - résultats
Vous n’avez pas pris ce quiz depuis la dernière actualisation